00432nam a2200181Ia 4500003000400000005001700004008004100021020001400062040000700076041000800083082002000091100002800111245004000139250000700179260002900186300002200215365001300237OSt20230403101413.0210423s2007 xx 000 0 und d a324366086 cAL aeng a657.48 REEJ223 aREEVE (James M);others. aPrinciples of financial accounting. a10 aAustraliabThomsonc2007 axxix,792,I-12bPB b595cINR